000
00272nam a2200121Ia 4500
005
20251222142010.0
008
251222s9999||||xx |||||||||||||| ||spa||
082
_a
300.985/C93/7
100
_a
Vergara, Ricardo
245
0
_a
El Agro Hoy:
264
_b
DESCO
942
_c
LIB
999
_c
10303
_d
10303